Trophée Kopa 2018 - Statistiques

Statistiques générales
  • Ce quiz a été pris 25 fois
  • Le résultat moyen est 2 sur 10
Statistiques - réponses
Année Vainqueurs Club Points % Correct
1 Kylian Mbappé Paris Saint-Germain 110
95%
2 Christian Pulisic Borussia Dortmund 31
24%
8 Houssem Aouar Olympique lyonnais 4
14%
4 Rodrygo Santos FC 12
14%
6 Trent Alexander-Arnold Liverpool FC 6
14%
Gianluigi Donnarumma AC Milan 12
10%
3 Justin Kluivert Ajax Amsterdam 18
5%
7 Patrick Cutrone AC Milan 5
5%
9 Ritsu Doan FC Groningue 0
5%
Amadou Haidara Red Bull Salzbourg 0
0%
Aucun quiz correspondant
Distribution des résultats
% des personnes avec chaque résultat
Percentile par nombre de réponses
Votre historique - résultats
Vous n’avez pas pris ce quiz